Loading...
| Science - Other | 1 | 3 | 2 | 0 | 35 | 64 | 90.50 | 0 | 4 | 12.13 | 25.00 |
| Fine Arts - Other Arts | 1 | 2 | 1 | 2 | 30 | 26 | 98.67 | 1 | 3 | 8.22 | 15.00 |
| History - European | 1 | 1 | 1 | 0 | 20 | 21 | 59.00 | 2 | 2 | 10.80 | 20.00 |
| Science - Biology | 0 | 2 | 0 | 2 | 20 | 113 | 117.00 | 0 | 1 | 0.26 | 5.00 |
| Visual Arts | 0 | 2 | 0 | 0 | 20 | 83 | 99.00 | 0 | 2 | 5.39 | 12.50 |
| Social Science | 0 | 2 | 0 | 2 | 20 | 118 | 124.00 | 0 | 1 | 0.10 | 3.13 |
| Beliefs | 0 | 2 | 0 | 1 | 20 | 109 | 114.50 | 0 | 1 | 1.35 | 5.36 |
| Literature - British | 0 | 1 | 0 | 0 | 10 | 95 | 95.00 | 0 | 0 | 3.01 | 2.50 |
| History - American | 0 | 1 | 0 | 0 | 10 | 95 | 95.00 | 0 | 1 | 3.01 | 5.00 |
| History - Other | 0 | 1 | 0 | 0 | 10 | 106 | 106.00 | 0 | 1 | 2.76 | 10.00 |
| Literature - American | 0 | 1 | 0 | 0 | 10 | 82 | 82.00 | 0 | 1 | 4.23 | 5.00 |
| Auditory Arts | 0 | 1 | 0 | 0 | 10 | 83 | 83.00 | 1 | 1 | 3.71 | 10.00 |
| Other Academic | 0 | 1 | 0 | 0 | 10 | 65 | 65.00 | 1 | 1 | 14.33 | 33.33 |
| Science - Chemistry | 0 | 1 | 0 | 1 | 10 | 127 | 127.00 | 0 | 0 | 0.23 | 2.50 |
| Science - Physics | 0 | 1 | 1 | 0 | 5 | 74 | 74.00 | 0 | 1 | 4.31 | 7.50 |
| Philosophy | 0 | 1 | 1 | 1 | 5 | 138 | 138.00 | 0 | 0 | 0.07 | 2.50 |
| Current Events | 0 | 0 | 0 | 0 | 0 | 0.00 | 0 | 0 | 0.00 | 0.00 |